000 00472nam a22001817a 4500
001 nam a22 7a 4500
003 OSt
005 20210826150948.0
007 nam a22 7a 4500
008 210826b |||||||| |||| 00| 0 eng d
020 _a0198631561
040 _cHU
082 _a421.55/UPT
245 _aThe Oxford Dictionary of Pronunciation for Current English
260 _aNew York
_bOXFORD University Press
_c2001
300 _a1207p.
942 _2ddc
_cBOOKS
_n0
999 _c550
_d550